Countries of South America - Statistics

General Stats
  • This quiz has been taken 45 times
    44 since last reset
  • The average score is 11 of 13
Answers on the Map
Answers color-coded by a green-red scale on the quiz's map according to % correct below.
 
Answer Stats
Country % Correct
Argentina
97%
Brazil
97%
Chile
97%
Paraguay
94%
Colombia
91%
Guyana
91%
Peru
91%
Uruguay
91%
Venezuela
91%
Bolivia
88%
Ecuador
84%
Suriname
78%
Panama
28%
No matching quizzes found
Score Distribution
Percent of People with Each Score
Percentile by Number Answered
Your Score History
You have not taken this quiz since the last reset